| 000 | 00643nam a22001937a 4500 | ||
|---|---|---|---|
| 003 | OSt | ||
| 005 | 20160611084614.0 | ||
| 008 | 131002t xxu||||| |||| 00| 0 eng d | ||
| 020 | _a9781416600657 | ||
| 050 |
_aLB 2822.8 _b.B877 2005 |
||
| 082 |
_aTR 371 _b.B81 2005 |
||
| 100 |
_aBrown, John _922716 |
||
| 245 |
_aMaking schools improvement happen with what works in schools : _bschool level factors / _cBrown, John |
||
| 260 |
_aAlexandria, Va : _bAssociation for Supervision and Curriculum Development, _cc2005. |
||
| 300 |
_a295 p. ; _c28 cm. |
||
| 650 |
_aCurriculum _xStudy and teaching. _922717 |
||
| 942 |
_2lcc _cBK |
||
| 999 |
_c12621 _d12621 |
||